[Event "SRI-chB (Women)"]
[Site "Maharaga"]
[Date "2020.03.07"]
[Round "3.3"]
[White "Wickramasinghe, Thesandi"]
[Black "Tharushi, THD Niklesha"]
[Result "1-0"]
[WhiteElo "1443"]
[BlackElo "1615"]
[PlyCount "75"]
[EventDate "2020.03.06"]
[EventType "swiss"]
[EventRounds "11"]
[EventCountry "SRI"]
[SourceTitle "CBM 195 Extra"]
[Source "ChessBase"]
[SourceDate "2020.05.31"]
[SourceVersion "1"]
[SourceVersionDate "2020.05.31"]
[SourceQuality "1"]

1. e4 c5 2. Nc3 a6 3. f4 b5 4. g3 Bb7 5. Bg2 e6 6. d3 d5 7. Qe2 Be7 8. Nf3 d4 9. Nd1 Nc6 10. 0-0 h5 11. e5 Nh6 12. Nf2 Nf5 13. Ne4 Nb4 14. Nfg5 Nd5 15. Bh3 Nde3 16. Bxe3 Nxe3 17. Nxf7 Kxf7 18. f5 Bxe4 19. dxe4 Nxf1 20. Rxf1 Kg8 21. f6 gxf6 22. Bxe6+ Kg7 23. exf6+ Bxf6 24. e5 Rh6 25. Qe4 Bg5 26. Rf7+ Kh8 27. Bd5 Rc8 28. e6 Bf6 29. e7 Qe8 30. Qf4 Bg7 31. Bb7 Rb8 32. Bd5 Rc8 33. Qg5 Rh7 34. Qg6 d3 35. cxd3 Qg8 36. Rxg7 Rxg7 37. Qxh5+ Rh7 38. Qe5+ 1-0

[Event "SRI-ch (Women)"]
[Site "Nugegoda"]
[Date "2019.07.01"]
[Round "5"]
[White "Wickramasinghe, Thesandi"]
[Black "Ranasinghe, Sachini D"]
[Result "1-0"]
[WhiteElo "1297"]
[BlackElo "1844"]
[PlyCount "105"]
[EventDate "2019.06.29"]
[EventType "tourn"]
[EventRounds "13"]
[EventCountry "SRI"]
[SourceTitle "EXT 2020"]
[Source "ChessBase"]
[SourceDate "2019.10.17"]
[SourceVersion "1"]
[SourceVersionDate "2019.10.17"]
[SourceQuality "1"]

1. e4 c5 2. c3 Nf6 3. e5 Nd5 4. Nf3 Nb6 5. d4 e6 6. Bd3 Nc6 7. 0-0 cxd4 8. cxd4 Nb4 9. Nc3 Nxd3 10. Qxd3 d5 11. a4 Bd7 12. Nd2 Rc8 13. Qg3 h5 14. b3 h4 15. Qe3 Bb4 16. Bb2 Rh5 17. Rac1 Qg5 18. Nf3 Qf5 19. Na2 Be7 20. Rxc8+ Nxc8 21. Rc1 h3 22. Nc3 hxg2 23. Ne2 Qe4 24. Ng3 Qxe3 25. fxe3 Rh8 26. Kxg2 Kd8 27. Ne1 Bb4 28. Nc2 Be7 29. Ne1 Bc6 30. Rc2 Bg5 31. Bc1 Kd7 32. Nd3 b6 33. Nb4 Bb7 34. Nd3 Ne7 35. b4 Nc6 36. Bd2 a6 37. Nf1 Be7 38. Kf3 f6 39. Kg2 fxe5 40. b5 Nd8 41. Nxe5+ Ke8 42. Ng6 Rh7 43. Rc7 Bd6 44. Rc2 Rh6 45. Nf4 Kd7 46. Nd3 Nf7 47. Ng3 Rh8 48. Bb4 Bxb4 49. Nxb4 axb5 50. axb5 Nd6 51. Nd3 Nxb5 52. Ne5+ Ke7 53. Ng6+ 1-0

[Event "SRI-ch (Women)"]
[Site "Nugegoda"]
[Date "2019.06.30"]
[Round "3"]
[White "Wickramasinghe, Thesandi"]
[Black "Sanudula, KM Dahamdi"]
[Result "0-1"]
[WhiteElo "1297"]
[BlackElo "1364"]
[PlyCount "62"]
[EventDate "2019.06.29"]
[EventType "tourn"]
[EventRounds "13"]
[EventCountry "SRI"]
[SourceTitle "EXT 2020"]
[Source "ChessBase"]
[SourceDate "2019.10.17"]
[SourceVersion "1"]
[SourceVersionDate "2019.10.17"]
[SourceQuality "1"]

1. e4 d5 2. exd5 Qxd5 3. Nc3 Qa5 4. d4 c6 5. Nf3 Nf6 6. Bd2 Qc7 7. Bc4 Bg4 8. h3 Bxf3 9. Qxf3 e6 10. 0-0-0 Nbd7 11. g4 Nb6 12. Bf4 Bd6 13. Bxd6 Qxd6 14. Bd3 Qc7 15. Rhe1 0-0-0 16. Be4 h6 17. h4 Kb8 18. Kb1 Qe7 19. d5 Nxe4 20. Qxe4 cxd5 21. Nxd5 Nxd5 22. Rxd5 Qxh4 23. Qf4+ Ka8 24. Rxd8+ Rxd8 25. Qc7 Qf6 26. a3 a6 27. Ka2 Rd5 28. c4 Rd8 29. Rd1 Rxd1 30. Qc8+ Ka7 31. Qc5+ Kb8 0-1